| 000 | 00858nmc a2200277 a 4500 | ||
|---|---|---|---|
| 003 | AR-BaBNM | ||
| 005 | 20251128211757.0 | ||
| 008 | 076020s2005 ||||||||||||||000 | spa|| | ||
| 020 | _a950-00-0525-5 | ||
| 040 | _cAR-BaBNM | ||
| 100 | 1 | _aFóppoli, Mariano | |
| 245 | 1 | 0 | _aCargador semiautomático para máquinas a CNC de accionamiento electroneumático |
| 250 | _a1ª ed. | ||
| 260 |
_aBuenos Aires _bMinisterio de Educación, Ciencia y Tecnología. INET _c2005 |
||
| 300 | 1 |
_axv, 64, xxiii p. _bil. |
|
| 490 | 0 |
_aRecursos didácticos _v17 |
|
| 650 | 4 | _aFORMACION PROFESIONAL | |
| 653 | 0 | _aEDUCACION TECNOLOGICA | |
| 653 | 0 | _aENSENANZA DE LA TECNOLOGIA | |
| 653 | 0 | _aPROYECTOS CURRICULARES | |
| 653 | 0 | _aCONTENIDOS CURRICULARES | |
| 653 | 0 | _aPROYECTOS TECNOLOGICOS | |
| 653 | 0 | _aCAPACITACION DOCENTE | |
| 942 | _cBK | ||
| 998 | _cme-solo cat | ||
| 999 |
_c21063 _d21063 |
||